[Event "Ambelokipi op 85th"]
[Site "Athens"]
[Date "2008.03.11"]
[Round "1"]
[White "Koerant, Filipos"]
[Black "Vontikakis, Hrysostomos"]
[Result "1-0"]
[WhiteElo "2103"]
[BlackElo "1577"]
[PlyCount "47"]
[EventDate "2008.03.11"]
[EventType "swiss"]
[EventRounds "7"]
[EventCountry "GRE"]
[SourceTitle "EXT 2010"]
[Source "ChessBase"]
[SourceDate "2010.11.25"]
[SourceVersion "1"]
[SourceVersionDate "2010.11.25"]
[SourceQuality "1"]

1. Nf3 f5 2. c4 e6 3. g3 Nc6 4. Bg2 Nf6 5. 0-0 Be7 6. d4 0-0 7. Nc3 a6 8. d5 Nb8 9. Bf4 Bd6 10. dxe6 Bxf4 11. exd7 Bxd7 12. gxf4 Qe8 13. Nd5 Qd8 14. Ne5 Bc6 15. Nxf6+ Qxf6 16. Bxc6 bxc6 17. Qb3 Ra7 18. c5+ Kh8 19. Rad1 g5 20. e3 gxf4 21. exf4 a5 22. Kh1 Qe7 23. Rg1 Ra8 24. Nf7+ 1-0

[Event "Ambelokipi op 81st"]
[Site "Athens"]
[Date "2007.10.06"]
[Round "1"]
[White "Vontikakis, Hrysostomos"]
[Black "Koerant, Filipos"]
[Result "0-1"]
[WhiteElo "1620"]
[BlackElo "2163"]
[PlyCount "53"]
[EventDate "2007.10.06"]
[EventType "swiss"]
[EventRounds "6"]
[EventCountry "GRE"]
[SourceTitle "EXT 2008"]
[Source "ChessBase"]
[SourceDate "2007.11.25"]
[SourceVersion "1"]
[SourceVersionDate "2007.11.25"]
[SourceQuality "1"]

1. f4 d5 2. e3 Nf6 3. Nf3 Bg4 4. Be2 Nbd7 5. Nc3 c6 6. b3 g6 7. Bb2 Bg7 8. h3 Bxf3 9. Bxf3 e5 10. fxe5 Ne4 11. h4 Bxe5 12. Bxe4 dxe4 13. Rh3 Qc7 14. Qe2 Bg3+ 15. Kf1 Be5 16. Nd1 0-0-0 17. Bxe5 Qxe5 18. Nc3 f5 19. Kg1 Nf6 20. Rf1 h6 21. a4 Rh7 22. Rd1 Rhd7 23. b4 g5 24. Nb1 g4 25. Rh1 Nh5 26. Qf2 Qb2 27. Kh2 0-1